00295nam a2200121Ia 4500008004100000082001300041100001700054245004100071250000800112260003700120300000800157650000800165191201s2006 xx 000 0 und d a657bRUF aRUSTOGI, R P 0aFundamentals of Financial Management a4th aN.DelhibGalgotia Pub. Pvtc2006 a575 aMBA